000 00871cab a2200265 4500
001 WB3435-48
008 090401t1998 xxu||||| |||| 00| 0 eng d
035 _a(Sirsi) u88474
041 _aeng
245 _aSavills grows on Continent
260 _c1998
350 _a0
490 _aFinancial Times
_v15 September 1998, 35
490 _aProperty Week
_v63(21) 18 September 1998, 3(2)
520 _aSavills has acquired the continental European business of Weatherall, Green & Smith for £3m as part of its strategy of increasing its international business.
650 _aBUY OUT
650 _aABOUT RICS-RICS MEMBERS
650 _aINTERNATIONAL INVESTMENT
650 _aSAVILLS
650 _aSURVEYING FIRMS
650 _aWEATHERALL GREEN & SMITH
690 _aMANAGEMENT-BUSINESS MANAGEMENT-PROFESSIONAL PRACTICE
942 _n0
948 _c15/09/1998
999 _c55894
_d55894